00209nam a2200073Ia 4500008004100000100001500041245006500056260001400121170817s9999 xx 000 0 und d aN.C.E.R.T. 0aNational Curriculum Fremwork 2005 Gender issues In Education bN.C.E.R.T